| 000 | 00626cam a2200253ua 4500 | ||
|---|---|---|---|
| 003 | @ | ||
| 003 | OSt | ||
| 005 | 20260205194827.0 | ||
| 008 | 260205b |||||||| |||| 00| 0 eng d | ||
| 041 | _aeng | ||
| 082 |
_a664 _bPRE/FO |
||
| 100 |
_aPrescott, Samuel C . _95888 |
||
| 245 | 0 | 0 | _aFood technology |
| 250 | _a1 / | ||
| 260 |
_aNew York : _bMc Graw Hill Book Company , _c1937. |
||
| 300 | _a630 ; . | ||
| 650 |
_acereals _95889 |
||
| 650 |
_acorn products _95890 |
||
| 650 |
_afruits _95891 |
||
| 650 |
_avegetables _95892 |
||
| 650 |
_awheat and milling _95893 |
||
| 700 | 1 |
_aProctor, Bernard E . _95894 |
|
| 942 | _cBK | ||
| 999 |
_c14 _d14 |
||